000 00488nam a2200169Ia 4500
003 IN-BaIIA
008 211028s9999 xx 000 0 eng d
040 _cIIA Library
080 _a53(03)
_bENC-VIa
245 0 _aEncyclopedia of physics
_bvol. 4a/4, mechanics of solids IV
_cedited by S. Flugee
260 _aBerlin
_bSpringer-Verlag
_c1974
300 _ax, 332p
650 _a Physics-Encyclopedia
_98317
650 _aNASA Thesaurus 
700 _aFlugge, S., ed.
_93091
942 _cBK
999 _c4777
_d4777